00806 a2200181 4500003000500000005001700005040000900022082001100031100001500042245002200057260003600079300000900115505033800124538002900462942001200491999001900503952010200522Nust20170207154112.0 cNust a358.18 aJohn Weeks aMen aganist Tanks aLondonbDavid and Charlesc1981 a191p aEarly Days(page-19) The Great Awakening – Britain (Page-37) The Wehrmacht (Page-51) The English – Speaking Union, Britain and America (Page-77) The Eastern Influence (page-106) Post- War Developments (Page-119) The Recoilless Story (Page-132) The Missile (Page-152) And Some Fell by the Wayside (Page-170) The Future (page-181)  aAlmirah No.54 Shelf No.5 2ddccBK c193899d193899 00102ddc40708NFICaMCSbMCSd2016-12-12l0o358.18 WEEpMCS21602r2016-12-08w2016-12-12yBK